Seeking the beloved (Record no. 1846)

MARC details
000 -LEADER
fixed length control field 00806 a2200253 4500
003 - CONTROL NUMBER IDENTIFIER
control field dpl
005 - DATE AND TIME OF LATEST TRANSACTION
control field 20180901141200.0
008 - FIXED-LENGTH DATA ELEMENTS--GENERAL INFORMATION
fixed length control field 090604t xxu||||| |||| 00| 0 eng d
010 ## - LIBRARY OF CONGRESS CONTROL NUMBER
LC control number ENG-85252,B- 58667
020 ## - INTERNATIONAL STANDARD BOOK NUMBER
International Standard Book Number 8189020544
Terms of availability 295.00
035 ## - SYSTEM CONTROL NUMBER
System control number EN-68785, B-58667
037 ## - SOURCE OF ACQUISITION
Source of stock number/acquisition D.B.Act / Pub
040 ## - CATALOGING SOURCE
Original cataloging agency dpl
Language of cataloging English
Transcribing agency dpl
082 ## - DEWEY DECIMAL CLASSIFICATION NUMBER
Classification number 881
100 ## - MAIN ENTRY--PERSONAL NAME
Personal name Abdul Latif Shah
245 ## - TITLE STATEMENT
Title Seeking the beloved
Statement of responsibility, etc Shah Abdul Latif ; translated from the Sindhi by Anju Makhija and Hari Dilgir.
260 ## - PUBLICATION, DISTRIBUTION, ETC. (IMPRINT)
Place of publication, distribution, etc New Delhi
Name of publisher, distributor, etc Katha
Date of publication, distribution, etc 2005.
270 ## - ADDRESS
Address A3, Sarvodaya Enclave, Sri Aurobindo Marg
City New Delhi
State or province Delhi
Postal code 110017
Telephone number 26524350
Electronic mail address kathavilasam@katha.org
300 ## - PHYSICAL DESCRIPTION
Extent 283 p.
Dimensions 20 cm. (Hb)
500 ## - GENERAL NOTE
General note Poems
700 ## - ADDED ENTRY--PERSONAL NAME
Personal name Makhija, Anju.
700 ## - ADDED ENTRY--PERSONAL NAME
Personal name Hari Diligiru.
942 ## - ADDED ENTRY ELEMENTS (KOHA)
Institution code [OBSOLETE] dpl
Koha item type English Books
Call number prefix 881 / ABD
Source of classification or shelving scheme Dewey Decimal Classification
Holdings
Withdrawn status Lost status Source of classification or shelving scheme Damaged status Not for loan Collection code Home library Current library Source of acquisition Cost, normal purchase price Total Checkouts Full call number Barcode Date last seen Copy number Uniform Resource Identifier Cost, replacement price Price effective from Koha item type Date acquired
    Dewey Decimal Classification   Not For Loan Non-fiction D.B.Act.Division D.B.Act.Division DBAD/PUB 295.00   881 EN-68785 15/09/2008 1 1955 295.00 15/09/2008 English Books  
    Dewey Decimal Classification     Non-fiction Shahdara Branch Shahdara Branch BPPD/PUB 11.00     B-58667 01/09/2018     11.00 01/09/2018 English Books 01/09/2018

© Delhi Public Library
Hit Counter
free hit counter